[Event "BAN-chT2"]
[Site "Dhaka"]
[Date "2022.07.24"]
[Round "7.3"]
[White "Ashutosh, Kumar"]
[Black "Md Zakir, Hossain"]
[Result "1-0"]
[WhiteElo "1938"]
[BlackElo "1717"]
[PlyCount "103"]
[EventDate "2022.07.18"]
[EventType "team-swiss"]
[EventRounds "9"]
[EventCountry "BAN"]
[SourceTitle "EXT 2023"]
[Source "ChessBase"]
[SourceDate "2022.10.05"]
[SourceVersion "1"]
[SourceVersionDate "2022.10.05"]
[SourceQuality "1"]
[WhiteTeam "Sports Bangla"]
[BlackTeam "Tangail Kings CC"]
[WhiteTeamCountry "BAN"]
[BlackTeamCountry "BAN"]

1. e4 c5 2. Nf3 e6 3. d4 cxd4 4. Nxd4 Nc6 5. Nc3 Qc7 6. Be3 a6 7. a3 Nf6 8. f4 d6 9. Qf3 Bd7 10. 0-0-0 Rc8 11. g4 Nxd4 12. Rxd4 Bc6 13. g5 Nd7 14. Rd2 b5 15. f5 Ne5 16. Qh3 exf5 17. Qxf5 Bd7 18. Qf4 Be6 19. Nd5 Bxd5 20. exd5 Be7 21. h4 0-0 22. Kb1 Rb8 23. Qe4 f5 24. gxf6 Bxf6 25. Bd3 Nxd3 26. Rxd3 Rbe8 27. Qg4 a5 28. h5 Kh8 29. h6 gxh6 30. Rxh6 Be5 31. Bd4 Rf1+ 32. Rd1 Rxd1+ 33. Qxd1 Qg7 34. Bxe5 Qxe5 35. Qd3 Re7 36. Qxb5 a4 37. Qb8+ Kg7 38. Rh1 Qg3 39. Qb4 Kg6 40. Qxa4 Re1+ 41. Rxe1 Qxe1+ 42. Ka2 h5 43. Qf4 Qe5 44. Qf3 Kg5 45. a4 h4 46. a5 Qg3 47. Qe4 h3 48. a6 Qg1 49. Qe7+ Kf4 50. a7 h2 51. a8Q h1Q 52. Qaf8+ 1-0

[Event "BAN-chT2"]
[Site "Dhaka"]
[Date "2022.07.23"]
[Round "6.3"]
[White "Md Zakir, Hossain"]
[Black "Ratan Kumar, Chakma"]
[Result "0-1"]
[WhiteElo "1717"]
[BlackElo "1782"]
[PlyCount "86"]
[EventDate "2022.07.18"]
[EventType "team-swiss"]
[EventRounds "9"]
[EventCountry "BAN"]
[SourceTitle "EXT 2023"]
[Source "ChessBase"]
[SourceDate "2022.10.05"]
[SourceVersion "1"]
[SourceVersionDate "2022.10.05"]
[SourceQuality "1"]
[WhiteTeam "Tangail Kings CC"]
[BlackTeam "Bangladesh Police Star"]
[WhiteTeamCountry "BAN"]
[BlackTeamCountry "BAN"]

1. e4 e6 2. d4 d5 3. exd5 Qxd5 4. Nf3 Nf6 5. Be2 Be7 6. 0-0 Qd8 7. c4 c6 8. h3 h6 9. Bf4 Bd6 10. Bxd6 Qxd6 11. Nc3 0-0 12. Re1 Nbd7 13. Qc2 b6 14. Rad1 Bb7 15. d5 cxd5 16. cxd5 Nxd5 17. Nd4 N7f6 18. a3 Rac8 19. Ncb5 Qb8 20. Qb3 a6 21. Nc3 b5 22. Rd3 Qa7 23. Red1 Nf4 24. Rg3 Rcd8 25. Bf3 Bxf3 26. Nxf3 N4h5 27. Rg4 Nxg4 28. hxg4 Rxd1+ 29. Qxd1 Nf4 30. g5 h5 31. Qd6 Ng6 32. Ne4 Rc8 33. g3 Qa8 34. Nfd2 Rd8 35. Qb6 Ne5 36. Kh2 Rd3 37. Kh3 Nc4 38. Nxc4 Qxe4 39. Qb8+ Kh7 40. Kh2 Rd1 41. g6+ fxg6 42. g4 Rh1+ 43. Kg3 Qxg4# 0-1